| 000 | 00384cam a22001217a 4500 | ||
|---|---|---|---|
| 008 | 180718b1981 xxu||||| |||| 00| 0 eng d | ||
| 082 | _aA75 Ut8BI | ||
| 245 |
_aUttar Pradesh district gazetteers: Bijnor _cedited by Dangli Prasad Varun |
||
| 260 |
_aLucknow _bDepartment of District Gazetteers _c1981 |
||
| 300 | _a291p. | ||
| 650 | _aBijnor - Gazetteers | ||
| 700 | _aVarun, Dangli Prasad | ||
| 999 |
_c486559 _d486559 |
||